000 00732nam a2200253Ia 4500
003 OSt
005 20220928110804.0
006 a|||||r|||| 00| 0
007 ta
008 220927b |||||||| |||| 00| 0 eng d
020 _cINR 499.00
024 _a134205
037 _b0258, 08/03/2017, Bookwell Publications
_cTextual
040 _aSDCL
_cSDCL
_beng
041 _2eng
_aeng
082 _a0-,3, Q4 LR
100 _aDoerr Anthony
_9420658
245 0 _aAll the light we can not see
260 _aLondon
_bForth Estate
_c2014
300 _a531p.
_ccm.
650 _aReference
942 _h0-,3, Q4 LR
_cTEXL
_2CC
999 _c736927
_d736927